|
|
|
|
| LEADER |
01353nkm a2200337 a 4500 |
| 001 |
mzk03001084432 |
| 003 |
CZ BrMZK |
| 005 |
20160226163117.0 |
| 007 |
kj bo| |
| 008 |
101129s1795 xr ||| f || k|czeod |
| 040 |
|
|
|a BOA001
|b cze
|
| 072 |
|
7 |
|a 76
|x Grafické umění. Grafika
|2 Konspekt
|9 21
|
| 080 |
|
|
|a (0.026.6)76
|2 MRF
|
| 080 |
|
|
|a (0:82-94)
|2 MRF
|
| 100 |
1 |
|
|a Berka, Jan,
|d 1759-1838
|7 js20050626017
|4 aut
|
| 245 |
1 |
0 |
|a Jozef Dobrowský narozen roku 1753. dne 17 Srpna
|h [grafika] /
|c Io. Berka delet. sc.
|
| 260 |
|
|
|a [Praha] :
|b Io. Berka delet. sc.,
|c [1795]
|
| 300 |
|
|
|a 1 list :
|b lept podlepený papírem ;
|c 12,5 x 9 cm
|
| 500 |
|
|
|a Oficiální portrét Josefa Dobrovského
|
| 500 |
|
|
|a Podlepeno papírem o velikosti 21 x 15 cm
|
| 510 |
3 |
|
|a www(Rodopisná revue)
|u http://rodopisna-revue-online.tode.cz/
|
| 510 |
3 |
|
|a www(Rodopisná revue)
|u http://rodopisna-revue-online.tode.cz/jihogen/t_soubory/puchmajer1.pdf
|
| 600 |
1 |
7 |
|a Dobrovský, Josef,
|d 1753-1829
|7 jk01022466
|2 czenas
|
| 655 |
|
7 |
|a grafické listy
|7 fd132404
|2 czenas
|
| 655 |
|
7 |
|a portréty
|7 fd133099
|2 czenas
|
| 856 |
4 |
1 |
|u http://www.digitalniknihovna.cz/mzk/view/uuid:84a6052f-f68c-4921-8c06-83b77cf504eb
|y Digitalizovaný dokument (klikněte pro zobrazení)
|
| 903 |
|
|
|a RP
|
| 910 |
|
|
|a BOA001
|b Skř.1O-1248.854,60
|
| 985 |
|
|
|a 1751-1800
|
| 990 |
|
|
|a GP
|
| 991 |
|
|
|k mzk
|